| 000 | 013390000a22003610004500 | ||
|---|---|---|---|
| 003 | EG-GICUC | ||
| 005 | 20250223024958.0 | ||
| 008 | 070728s2006 ua a f m 000 0 eng d | ||
| 040 |
_aEG-GICUC _beng _cEG-GICUC |
||
| 041 | 0 | _aEng | |
| 049 | _aDeposite | ||
| 097 | _aM.Sc | ||
| 099 | _aCai01.11.14.M.Sc.2006.Ah.C | ||
| 100 | 0 | _aAhmed Mohsen Hafez Almahrouky | |
| 245 | 1 | 0 |
_aComplex limb injuries / _cAhmed Mohsen Hafez Almahrouky ; Supervised Mohamed Abdoh Ay Aldeen , Sherif Balba , Hesham Nabil |
| 246 | 1 | 5 | _aالاصابات الطرفية المركبة |
| 260 |
_aCairo : _bAhmed Mohsen Hafez Almahrouky , _c2006 |
||
| 300 |
_a138P. : _bill. ; _c25cm |
||
| 502 | _aThesis (M.Sc.) - Cairo University - Faculty Of Medicine - Department Of General Surgery | ||
| 520 | _aWe concluded that the MESS score has the highest specificity while the HFS 98 had the highest sensetivity | ||
| 530 | _aIssued also as CD | ||
| 653 | 4 | _aDecision - making | |
| 653 | 4 | _aPredictive scoring systems | |
| 653 | 4 | _aQuality of life | |
| 653 | 4 | _aSevere limb injury | |
| 700 | 0 |
_aHesham Nabil , _eSupervisor |
|
| 700 | 0 |
_aMohamed Abdoh Ay Aldeen , _eSupervisor |
|
| 700 | 0 |
_aSherif Balba , _eSupervisor |
|
| 856 | _uhttp://172.23.153.220/th.pdf | ||
| 905 |
_aEnas _eCataloger |
||
| 905 |
_aMustafa _eRevisor |
||
| 942 |
_2ddc _cTH |
||
| 999 |
_c3066 _d3066 |
||